Establishment of AH & Chandicrafts at San Jose, Rodriguez, Rizal/ (Record no. 72847)
[ view plain ]
| 000 -LEADER | |
|---|---|
| fixed length control field | 02026nam a22002417a 4500 |
| 003 - CONTROL NUMBER IDENTIFIER | |
| control field | URS |
| 005 - DATE AND TIME OF LATEST TRANSACTION | |
| control field | 20240412191154.0 |
| 008 - FIXED-LENGTH DATA ELEMENTS--GENERAL INFORMATION | |
| fixed length control field | 240412b |||||||| |||| 00| 0 eng d |
| 050 00 - LIBRARY OF CONGRESS CALL NUMBER | |
| Classification number | LG 221.R59 M4465 |
| Item number | 2022 |
| 100 1# - MAIN ENTRY--PERSONAL NAME | |
| Personal name | Maurera, Hazel Christhalyn M. |
| Relator term | Researcher |
| 245 10 - TITLE STATEMENT | |
| Title | <a href="Establishment of AH & Chandicrafts at San Jose, Rodriguez, Rizal/">Establishment of AH & Chandicrafts at San Jose, Rodriguez, Rizal/</a> |
| Statement of responsibility, etc | Hazel Christhalyn M. Maurera [and], Charlene B. Samson |
| 260 #1 - PUBLICATION, DISTRIBUTION, ETC. (IMPRINT) | |
| Date of publication, distribution, etc | 2022 |
| 300 ## - PHYSICAL DESCRIPTION | |
| Extent | xvi, 110 leaves, |
| Other physical details | illustration, |
| Dimensions | 28 cm |
| 336 ## - CONTENT TYPE | |
| Source | text |
| Content type term | rdacontent |
| 337 ## - MEDIA TYPE | |
| Source | rdamedia |
| Media type term | unmediated |
| 338 ## - CARRIER TYPE | |
| Source | rdacarrier |
| Carrier type term | volume |
| 502 ## - DISSERTATION NOTE | |
| Dissertation note | Undergraduate Thesis |
| Degree type | Bachelor of Science in Business Administration Major in Marketing Management |
| Name of granting institution | University of Rizal System, Rodriguez, Rizal<br/> |
| Year degree granted | 2022 |
| 520 ## - SUMMARY, ETC. | |
| Summary, etc | AH & C Handicrafts is a product-based business that focuses on doormat and pot holders. It offers different styles via online platform and through delivery. The concept of the business started way back 2021, when one of owners mother started making doormats and potholders. The business will operate in Primark, Kasiglahan Village, Barangay San Jose, Rodriguez, Rizal that will provide the customers a good and affordable doormats and potholders.<br/><br/>The primary goal of our business is to provide high quality doormats and potholders and meets the customers expectation to their satisfaction. It comes selling online platforms to promote our products. The AH & C Handicrafts have formed as a General Partnership consisting of two (2) owners. The sources of capital came from each owner amounts to two hundred fifty thousand pesos each.<br/><br/>The business has ten (10) employees; Taylor, Cashier, Sales staff and Delivery staff. The business will operate 9:00am to 7:00pm. The salary varies from the positions of the employees and also the mandatory government constitution like SSS, PAG IBIG and PHILHEATH. |
| 650 ## - SUBJECT ADDED ENTRY--TOPICAL TERM | |
| Source of heading or term | Establishment of AH & Chandicrafts |
| 700 ## - ADDED ENTRY--PERSONAL NAME | |
| Personal name | Samson, Charlene B. |
| Relator term | Researcher |
| 700 ## - ADDED ENTRY--PERSONAL NAME | |
| Personal name | Soberano, Maricar O. |
| Relator term | Adviser |
| 942 ## - ADDED ENTRY ELEMENTS (KOHA) | |
| Source of classification or shelving scheme | Library of Congress Classification |
| Koha item type | Theses and dissertations |
| Withdrawn status | Source of classification or shelving scheme | Damaged status | Not for loan | Home library | Current library | Shelving location | Date acquired | Total Checkouts | Full call number | Barcode | Date last seen | Copy number | Price effective from | Koha item type |
|---|---|---|---|---|---|---|---|---|---|---|---|---|---|---|
| Library of Congress Classification | Not For Loan | Rodriguez College Library | Rodriguez College Library | Undergraduate Theses | 04/12/2024 | LG 221.R59 M4465 2022 | URSROD-UGT-MM-0503 | 04/12/2024 | c1 | 04/12/2024 | Theses and dissertations |